| Record ID | ia:errorsofscriptur00gard |
| Source | Internet Archive |
| Download MARC XML | https://archive.org/download/errorsofscriptur00gard/errorsofscriptur00gard_marc.xml |
| Download MARC binary | https://www.archive.org/download/errorsofscriptur00gard/errorsofscriptur00gard_meta.mrc |
LEADER: 00525cam 22001695u 4500
001 180057
008 870318s1879 mau 00000 eng u
035 $a(CStRLIN)NJPT07868968X
035 $a(CaOTULAS)107868968
035 $9AAV2565PS
100 10 $aGardiner, Frederic,$d1822-1889.
245 10 $aErrors of the Scriptures.
260 0 $a[Andover, Mass. :$bW. F. Draper,$c1879]
300 $a496-534 p. ;$c23 cm.
500 $aCaption title.
500 $aExtracted from Bibliotheca sacra, v. 36, no. 143, July 1879.
630 00 $aBible$xInspiration